000 01234cam a22002294a 4500
005 20250605164156.0
008 250528s ||||||||||||||||||||||||d
035 _a19597
020 _a9607344286
040 _aGR-AtMCL
_bgre
_dGR-AtMCL
_eAACR2
245 1 _aΕΡΕΥΝΑ ΑΓΟΡΑΣ
250 _a1
260 _bΣυγχρονη Εκδοτικη,
_c1994
300 _a255
505 0 _aΕΙΣΑΓΩΓΗ ΣΤΗΝ ΕΡΕΥΝΑ ΑΓΟΡΑΣ ΚΑΙ ΤΟΝ ΣΧΕΔΙΑΣΜΟ ΤΗΣ Ο ΡΟΛΟΣ ΤΗΣ ΕΡΕΥΝΑΣ ΑΓΟΡΑΣ ΣΤΗ ΔΙΑΔΙΚΑΣΙΑ ΤΟΥ ΔΙΟΙΚΗΤΙΚΟΥ MARKETING ΤΟ ΠΡΟΒΛΗΜΑ ΤΗΣ ΕΡΕΥΝΑΣ ΟΡΙΣΜΟΣ ΚΑΙ ΣΚΟΠΟΙ ΤΩΝ ΠΗΓΩΝ ΠΛΗΡΟΦΟΡΙΩΝ
520 _aΕΙΣΑΓΩΓΗ ΣΤΗΝ ΕΡΕΥΝΑ ΑΓΟΡΑΣ ΚΑΙ ΤΟΝ ΣΧΕΔΙΑΣΜΟ ΤΗΣ Ο ΡΟΛΟΣ ΤΗΣ ΕΡΕΥΝΑΣ ΑΓΟΡΑΣ ΣΤΗ ΔΙΑΔΙΚΑΣΙΑ ΤΟΥ ΔΙΟΙΚΗΤΙΚΟΥ MARKETING ΤΟ ΠΡΟΒΛΗΜΑ ΤΗΣ ΕΡΕΥΝΑΣ ΟΡΙΣΜΟΣ ΚΑΙ ΣΚΟΠΟΙ ΤΩΝ ΠΗΓΩΝ ΠΛΗΡΟΦΟΡΙΩΝ
700 1 _aΚιουλαφας Κ.Κ
_91044
700 1 _aΚυριαζοπουλος Παν. Γ
_95651
942 _cBK
999 _c4853
_d4853